00426nam a2200169Ia 4500003000400000005001700004008004100021020001800062050002600080100001500106245004600121260003500167300003300202440000600235521000700241526000800248OSt20140311163142.0140130s9999 xx 000 0 und d a9780717285877 aBJ 1631b.B439Bw 2005 aBerry, Joy aA book about being wasteful /cJoy Berry. bScholastic,c2005.aNew York : a20 p. :bcol. ill. ;c18 cm. v1 aG2 c300